Riconosci lo Stato - Quiz n°163 - Statistics

Statistiche generali
  • Questo quiz è stato fatto 21 volte
  • Il punteggio medio è 10 su 13
Statistiche sulle risposte
Indizio Risposta % Corretto
Re Carlo III
Governatore generale:
Cécile La Grenade
94%
Iniziale della Capitale S
94%
Fuso Orario UTC-4
94%
Valuta Dollaro
88%
Superficie 344 km²
81%
Forma di Governo Monarchia parlamentare (Reame del Commonwealth)
81%
Popolazione 112.519 ab.
75%
Indipendenza dal Regno Unito, 7 febbraio 1974
75%
Tasso di crescita 0,46%
69%
Primo ministro Dickon Mitchell
69%
ISU 0,779
63%
PIL (nominale) 1 042 milioni di $
63%
Risposta Grenada
63%
Nessun quiz corrispondente trovato
Distribuzione punteggi
Percentuale di utenti per punteggio
Percentile per numero di risposta
I tuoi punteggi nel tempo
Non hai fatto questo quiz